[Event "Sachsen-ch U14 Girls"]
[Site "Sebnitz"]
[Date "2009.04.15"]
[Round "4"]
[White "Jentzsch, Juliane"]
[Black "Ortlepp, Karola"]
[Result "0-1"]
[WhiteElo "982"]
[BlackElo "1111"]
[PlyCount "96"]
[EventDate "2009.04.14"]
[EventType "swiss"]
[EventRounds "7"]
[EventCountry "GER"]
[SourceTitle "EXT 2010"]
[Source "ChessBase"]
[SourceDate "2010.11.25"]
[SourceVersion "1"]
[SourceVersionDate "2010.11.25"]
[SourceQuality "1"]

1. c4 Nf6 2. Nc3 d5 3. b3 Bf5 4. g3 Nc6 5. Bg2 e6 6. Nf3 Bc5 7. 0-0 Qd7 8. Bb2 0-0-0 9. e3 e5 10. d4 exd4 11. exd4 Be7 12. Qd2 Bh3 13. Ng5 Bxg2 14. Kxg2 Rdf8 15. Rfe1 h6 16. Nf3 Re8 17. Ne5 Qe6 18. Nxc6 Qxc6 19. Qf4 dxc4+ 20. Ne4 Bd6 21. Qf5+ Kb8 22. f3 Nxe4 23. Rxe4 f6 24. Rae1 Rd8 25. Qg6 a6 26. Qxg7 cxb3 27. axb3 Qc2+ 28. R1e2 Qxb3 29. Qxf6 Rhf8 30. R4e3 Qxe3 31. Rxe3 Rxf6 32. d5 Rf5 33. Rd3 Be7 34. Re3 Bf6 35. g4 Rf4 36. Kg3 Bg5 37. h4 Rb4 38. Bc3 Bxe3 39. Bxb4 Rxd5 40. h5 b5 41. Kh4 Rd4 42. Bc3 Rd3 43. Bg7 Bf4 44. Bf6 Rxf3 45. g5 Bxg5+ 46. Bxg5 hxg5+ 47. Kxg5 Rh3 48. h6 Rxh6 0-1